000 00663nam a2200229Ia 4500
003 OSt
005 20220926014400.0
006 a|||||r|||| 00| 0
007 ta
008 220923b |||||||| |||| 00| 0 eng d
037 _cGeneral Book
040 _aRTL
_cRTL
_beng
041 _2eng
_aeng
082 _aX61.73.N7, L1
100 _aHuber Richard M.
_9320543
245 0 _aAmerican ideas of success
260 _aNew York
_bMcGraw Hill U. S. A.
_c1971
300 _ax, 563p. Bibliography p.459-545
_ccm.
650 _aEconomics-Money-United States
942 _hX61.73.N7, L1
_cGB
_2CC
999 _c628895
_d628895